Nociones elementales de administración
Enregistré dans:
| Auteur principal: | |
|---|---|
| Format: | Livre |
| Langue: | espagnol |
| Publié: |
Santiago
Universitaria
1998
|
| Édition: | 25a. ed |
| Collection: | Coleción Manuales y Monografías
|
| Sujets: | |
| Tags: |
Ajouter un tag
Pas de tags, Soyez le premier à ajouter un tag!
|
MARC
| LEADER | 00000cam a2200000 a 4500 | ||
|---|---|---|---|
| 001 | UCP3866 | ||
| 003 | CL-VaPUC | ||
| 008 | 990709e19980000CL |||||||||||||||||spa|d | ||
| 020 | |a 9789561104198 | ||
| 082 | 0 | 4 | |a 658 |b JOH |2 21 |
| 100 | |a Johansen Bertoglio, Oscar |e author |9 590862 | ||
| 245 | 1 | 0 | |a Nociones elementales de administración |
| 250 | |a 25a. ed | ||
| 300 | |a 161 p | ||
| 942 | |c BK | ||
| 945 | |d 19990709 00:00:00 |a rbrito | ||
| 260 | |a Santiago |b Universitaria |c 1998 | ||
| 650 | 0 | |a Administración |9 259325 | |
| 650 | 7 | |a PLANIFICACION |2 CL-VaPUC |9 260802 | |
| 650 | 0 | |a Organización |9 256369 | |
| 650 | 7 | |a DIRECCION |2 CL-VaPUC |9 358279 | |
| 650 | 0 | |a Control |9 330602 | |
| 650 | 0 | |a Gestión |9 260993 | |
| 583 | |a last modification |c 20120320 01:14:42 |k Rodrigo Vera | ||
| 490 | 0 | |a Coleción Manuales y Monografías | |
| 999 | |c 282016 |d 282014 | ||